000 00658nam a2200193 i 4500
001 34393
003 ES-MaACL
005 20250129092359.0
007 t|
008 030207s1945 sp ||||1| spa d
100 1 _aBlanco Soler, C.,
_d1894-1962
_929295
245 1 3 _aLa obesidad y su tratamiento
_b: con un estudio sobre las lipodistrofías /
_cCarlos Blanco Soler ; en colaboración con Luis Felipe Pallardó.
250 _a1ª ed.
260 _aMadrid :
_bMorata,
_c1945 (
_fDiana)
300 _a325 p., 27 lám. ;
_c24 cm.
700 1 _aPallardo, Luis Felipe.
_988568
852 _aES-MaACL
_jE-1075
_bR.22101
999 _c34393
_d34393